International business : (Record no. 21747)

MARC details
000 -LEADER
fixed length control field 01210nam a2200337 4500
001 - CONTROL NUMBER
control field 3033184
003 - CONTROL NUMBER IDENTIFIER
control field mut
005 - DATE AND TIME OF LATEST TRANSACTION
control field 20240606081544.0
008 - FIXED-LENGTH DATA ELEMENTS--GENERAL INFORMATION
fixed length control field 950425s1996
010 ## - LIBRARY OF CONGRESS CONTROL NUMBER
LC control number 95018497
020 ## - INTERNATIONAL STANDARD BOOK NUMBER
International Standard Book Number 0256166013
020 ## - INTERNATIONAL STANDARD BOOK NUMBER
International Standard Book Number 0256166064 (annotated instructor's ed.)
040 ## - CATALOGING SOURCE
Original cataloging agency DLC
Transcribing agency mut
Modifying agency DLC
050 00 - LIBRARY OF CONGRESS CALL NUMBER
Classification number HD62.4
Item number .B34 1996
082 00 - DEWEY DECIMAL CLASSIFICATION NUMBER
Classification number 658/.049
Edition information 20
100 1# - MAIN ENTRY--PERSONAL NAME
Personal name Ball, Donald A.
245 10 - TITLE STATEMENT
Title International business :
Remainder of title the challenge of global competition /
250 ## - EDITION STATEMENT
Edition statement 6th ed.
260 ## - PUBLICATION, DISTRIBUTION, ETC.
Place of publication, distribution, etc. Chicago :
Name of publisher, distributor, etc. Irwin,
Date of publication, distribution, etc. c1996.
300 ## - PHYSICAL DESCRIPTION
Extent xxv, 773 p. :
Other physical details ill. (some col.), col. maps ;
Dimensions 29 cm.
500 ## - GENERAL NOTE
General note Colored map on endpapers.
500 ## - GENERAL NOTE
General note One folded color map inserted.
504 ## - BIBLIOGRAPHY, ETC. NOTE
Bibliography, etc. note Includes bibliographical references (p. 717-736) and indexes.
650 #0 - SUBJECT ADDED ENTRY--TOPICAL TERM
Topical term or geographic name entry element International business enterprises
General subdivision Management.
650 #0 - SUBJECT ADDED ENTRY--TOPICAL TERM
Topical term or geographic name entry element International business enterprises.
650 #0 - SUBJECT ADDED ENTRY--TOPICAL TERM
Topical term or geographic name entry element International economic relations.
700 1# - ADDED ENTRY--PERSONAL NAME
Personal name McCullogh, Wendell H.
906 ## - LOCAL DATA ELEMENT F, LDF (RLIN)
a 7
b cbc
c orignew
d 1
e ocip
f 19
g y-gencatlg
942 ## - ADDED ENTRY ELEMENTS (KOHA)
Source of classification or shelving scheme Library of Congress Classification
Koha item type Books
Holdings
Withdrawn status Lost status Source of classification or shelving scheme Damaged status Not for loan Home library Current library Shelving location Date acquired Source of acquisition Total checkouts Full call number Barcode Date last seen Price effective from Koha item type
    Library of Congress Classification     Murang'a University of Technology Library Murang'a University of Technology Library General stacks 28/03/2022 Donation-TFC   HD62.4 .B34 1996 030218 30/08/2024 28/03/2022 Books